Investičné stimuly ako významný zdroj financovania investičných projektov v Slovenskej republike

Investičné stimuly - teoretické východiská, podstata a význam. Kritériá na poskytovanie investičných stimulov. Analýza poskytovania investičných stimulov v Slovenskej republike a ich efektívnosť.

Salvato in:
Dettagli Bibliografici
Autore principale: Vidová, Jarmila, 1967-
Natura: Capitolo di libro
Lingua:slovacco
Soggetti:
Tags: Aggiungi Tag
Nessun Tag, puoi essere il primo ad aggiungerne!!

MARC

LEADER 00000nla a2200000 4500
001 0192420
005 20240502083446.2
041 0 |a slo 
044 |a CZ 
245 1 0 |a Investičné stimuly ako významný zdroj financovania investičných projektov v Slovenskej republike  |c Jarmila Vidová 
520 |a Investičné stimuly - teoretické východiská, podstata a význam. Kritériá na poskytovanie investičných stimulov. Analýza poskytovania investičných stimulov v Slovenskej republike a ich efektívnosť. 
610 2 0 |a projekty investičné 
610 2 0 |a investície 
610 2 0 |a stimuly 
610 2 0 |a pomoc štátna 
610 2 0 |a analýzy 
610 2 0 |a Slovensko 
100 1 |a Vidová, Jarmila, 1967-